|
|
|
|
| LEADER |
00853nam a2200169Ia 4500 |
| 008 |
150624b xxu||||| |||| 00| 0 eng d |
| 020 |
|
|
|a 0198205627
|
| 020 |
|
|
|a 198205627
|
| 082 |
|
|
|a 909.0971242
|
| 245 |
|
|
|a Oxford History of the British Empire. V1- Origins of Empire /
|c edited by Nicholas Canny
|
| 260 |
|
|
|a New York :
|b Oxford University Press,
|c 1998.
|
| 300 |
|
|
|a 533 p.
|
| 505 |
|
|
|a 1.Origins of Empire. 2. Struggle for Legitimacy and the Image of Empire in the Atlantic to c.1700 3. War, Politics and Colonization, 1558-1625 4.Guns and Sails in the First Phase of English Colonization, 1500-1650 5.Literature and Empire. 6. 'Civilizing o
|
| 700 |
|
|
|a Canny, Nicholas
|e editor.
|
| 942 |
|
|
|c REF
|
| 999 |
|
|
|c 51221
|d 51221
|
| 952 |
|
|
|0 0
|1 0
|4 0
|6 909_097124200000000_OXF_1
|7 0
|9 51199
|a UL
|b UL
|c REF
|d 2012-10-27
|l 0
|o 909.0971242 OXF.1
|p 73906
|r 2012-10-27
|w 2012-10-27
|y REF
|